000 00229nam a22000857a 4500
008 161227b xxu||||| |||| 00| 0 eng d
100 _92167
_aShankar
245 _aThe Woman and the Crow
260 _aNew Delhi
_bChildrens Book Trust
_c2011
999 _c5056
_d5056